Die Bibliothek der Großen Kirche in Emden

Saved in:  
Bibliographic Details
Main Author: Kochs, Ernst 1868-1954 (Author)
Format: Print Article
Language:German
Subito Delivery Service: Order now.
Check availability: HBZ Gateway
WorldCat: WorldCat
Interlibrary Loan:Interlibrary Loan for the Fachinformationsdienste (Specialized Information Services in Germany)
Published: 1936
In:Sonderdruck aus: Jahrbuch der Gesellschaft für bildende Kunst und vaterländische Altertümer zu Emden ; 24.1936
Edition:Sonderdr.
Sammlungen:

MARC

LEADER 00000cam a2200000 c 4500
001 684397838
003 DE-627
005 20250218021525.0
007 tu
008 120130s1936 gw ||||| 00| ||ger c
035 |a (DE-627)684397838 
035 |a (DE-576)9684397836 
035 |a (DE-599)GBV684397838 
035 |a (OCoLC)838885710 
040 |a DE-627  |b ger  |c DE-627  |e rakwb 
041 |a ger 
044 |c XA-DE 
100 1 |8 1\p  |0 (DE-588)131623273  |0 (DE-627)511441290  |0 (DE-576)298632314  |4 aut  |a Kochs, Ernst  |d 1868-1954 
109 |a Kochs, Ernst 1868-1954 
245 1 4 |a Die Bibliothek der Großen Kirche in Emden  |c Ernst Kochs 
250 |a Sonderdr. 
264 1 |c 1936 
300 |a [42] - 54 S. 
336 |a Text  |b txt  |2 rdacontent 
337 |a ohne Hilfsmittel zu benutzen  |b n  |2 rdamedia 
338 |a Band  |b nc  |2 rdacarrier 
500 |a Forts. in: 1937,S.18-53 
546 |a In Fraktur 
601 |a Bibliothek 
773 0 8 |i Sonderdruck aus  |a Jahrbuch der Gesellschaft für bildende Kunst und vaterländische Altertümer zu Emden ; 24.1936 
883 |8 1\p  |a cgwrk  |d 20241001  |q DE-101  |u https://d-nb.info/provenance/plan#cgwrk 
935 |a JALB  |a mteo 
935 |c so 
951 |a BO 
ELC |b 1 
LOK |0 000 xxxxxcx a22 zn 4500 
LOK |0 001 4578373436 
LOK |0 003 DE-627 
LOK |0 004 684397838 
LOK |0 005 20240910101041 
LOK |0 008 240910||||||||||||||||ger||||||| 
LOK |0 040   |a DE-Tue135  |c DE-627  |d DE-Tue135 
LOK |0 092   |o n 
LOK |0 852   |a DE-Tue135 
LOK |0 852 1  |9 00 
LOK |0 866   |x SPQUE#Johannes a Lasco Bibliothek 
LOK |0 935   |a JALB 
LOK |0 939   |a 10-09-24  |b l01 
ORI |a SA-MARC-ixtheoa001.raw